| 000 | 00641cam a2200217 4500 | ||
|---|---|---|---|
| 001 | B2713 | ||
| 008 | 090401t1988 xxu||||| |||| 00| 0 eng d | ||
| 035 | _a(Sirsi) u51623 | ||
| 041 | _aeng | ||
| 050 | _a630.026 | ||
| 090 | _a630.026 | ||
| 110 |
_aCountry Landowners' Association _92816 |
||
| 245 | _aModel form of agricultural tenancy agreement from year to year with explanatory notes | ||
| 250 | _aRevised ed. | ||
| 260 |
_aLondon _bCountry Landowners Association _c1988 |
||
| 300 | _a59p. ; 30cm. | ||
| 350 | _a25 | ||
| 650 | _aPROPERTY-LANDLORD AND TENANT-TENANCIES-AGRICULTURAL TENANCIES | ||
| 942 | _n0 | ||
| 948 | _c04/03/1997 | ||
| 999 |
_c92925 _d92925 |
||